BIBLIOTECA PODER JUDICIAL
Portal Judicial TDF

Extinción y liquidación del fideicomiso / (Registro nro. 5339)

000 -LEADER
fixed length control field 01317nab a22002297a 4500
003 - CONTROL NUMBER IDENTIFIER
control field OSt
005 - DATE AND TIME OF LATEST TRANSACTION
control field 20250223224037.0
008 - FIXED-LENGTH DATA ELEMENTS--GENERAL INFORMATION
fixed length control field 190603e xxum|||| |||| 00| 0 spa d
040 ## - CATALOGING SOURCE
Transcribing agency PJ
100 ## - MAIN ENTRY--PERSONAL NAME
9 (RLIN) 6383
Personal name Márquez, José Fernando
245 10 - TITLE STATEMENT
Title Extinción y liquidación del fideicomiso /
Statement of responsibility, etc José Fernando Márquez.
260 ## - PUBLICATION, DISTRIBUTION, ETC. (IMPRINT)
Date of publication, distribution, etc Ciudad Autónoma de Buenos Aires :
Place of publication, distribution, etc Thomson Reuters La Ley,
Name of publisher, distributor, etc 2023.
300 ## - PHYSICAL DESCRIPTION
Extent p. 77-84
500 ## - GENERAL NOTE
General note Cita Online: TR LALEY AR/DOC/2723/2023.
505 ## - FORMATTED CONTENTS NOTE
Formatted contents note Sumario: I. El problema.— II. El encuadre conceptual del fideicomiso, como punto de partida de la interpretación. La normativa aplicable.— III. Extinción del fideicomiso.— IV. La extinción del fideicomiso y el proceso de liquidación.— V. Situaciones que pueden presentarse durante el período liquidatorio. Legitimación del fiduciario, situación de los bienes y facultades de las partes.— VI. A modo de conclusión.
505 ## - FORMATTED CONTENTS NOTE
Title ¿Te interesa el texto completo? Solicitalo al correo: koha@justierradelfuego.gov.ar
650 #0 - SUBJECT ADDED ENTRY--TOPICAL TERM
9 (RLIN) 1590
Topical term or geographic name as entry element FIDEICOMISO
650 #0 - SUBJECT ADDED ENTRY--TOPICAL TERM
9 (RLIN) 6384
Topical term or geographic name as entry element DOMINIO FIDUCIARIO
650 #0 - SUBJECT ADDED ENTRY--TOPICAL TERM
9 (RLIN) 6385
Topical term or geographic name as entry element REVOCACION DEL CONTRATO
773 0# - HOST ITEM ENTRY
Host Biblionumber 2713
Host Itemnumber 3170
Place, publisher, and date of publication Ciudad Autónoma de Buenos Aires : Thomson Reuters La Ley, 2015-
Title Revista Código Civil y Comercial. Nº 6 - Diciembre 2023
942 ## - ADDED ENTRY ELEMENTS (KOHA)
Source of classification or shelving scheme
Koha item type Analítica Artículo de Revista

No hay ítems disponibles.

12 de Octubre 789 Ushuaia - Tel:  54(02901)441571
Horario de Atención: 8.00 a 17.00 hs. 
bibliotecaush@justierradelfuego.gov.ar
koha@justierradelfuego.gov.ar
Seguinos en nuestras redes @bibliojustdf 

Con tecnología Koha